000 00568nam a2200181Ia 4500
008 100921s9999 xx 000 0 und d
082 _b607
_a891.463 थ 48
100 _aवकील व्यंकटेश.
245 _aतिसरे सत्य.
260 _bयुगवाणी प्रकाशन,मुंबई.
_c1948
300 _a128
_b---
365 _b2.5
520 _aललित-कथा.
630 _aतिसरे सत्य.
650 _aललित-कथा.
730 _aतिसरे सत्य.
942 _cBOOK
999 _c749720
_d749717